NBA Rookie of the Year Nominees - Statistics

General Stats
  • This quiz has been taken 9 times
  • The average score is 10 of 15
Answer Stats
Hint Answer % Correct
2023-24 Victor Wembanyama
88%
2017-18 Ben Simmons
75%
2015-16 Karl-Anthony Towns
75%
2018-19 Luka Doncic
75%
2022-23 Paolo Banchero
75%
2024-25 Stephon Castle
75%
2010-11 Blake Griffin
63%
2019-20 Ja Morant
63%
2011-12 Kyrie Irving
63%
2020-21 LaMelo Ball
63%
2013-14 Michael Carter-Williams
63%
2014-15 Andrew Wiggins
50%
2021-22 Scottie Barnes
50%
2012-13 Damian Lillard
38%
2016-17 Malcolm Brogdon
38%
No matching quizzes found
Score Distribution
Percent of People with Each Score
Percentile by Number Answered
Your Score History
You have not taken this quiz